English for Cambridge Proficiency

Uložené v:
Podrobná bibliografia
Hlavný autor: Archer, Margaret
Ďalší autori: Nolan-Woods, Enid
Médium: Kniha
Jazyk:English
Vydavateľské údaje: Edinburgh Nelson 1980
Vydanie:1. ed.
Tagy: Pridať tag
Žiadne tagy, Buďte prvý, kto otaguje tento záznam!

MARC

LEADER 00000nam a2200000 4500
001 c028191
005 20221220101713.1
041 0 |a eng 
044 |a GB 
245 1 0 |a English for Cambridge Proficiency  |c Margaret Archer, Enid Nolan-Woods 
250 |a 1. ed. 
264 1 |a Edinburgh  |b Nelson  |c 1980 
300 |a 253 s. 
100 1 |a Archer, Margaret 
700 1 |a Nolan-Woods, Enid